[Event "Hoogovens B"]
[Site "Wijk aan Zee NED"]
[Date "1999.01.24"]
[Round "05"]
[White "Van den Doel,E"]
[Black "Ionov,S"]
[Result "1/2-1/2"]
[WhiteElo "2547"]
[BlackElo "2551"]

1. e4 c5 2. Nf3 d6 3. d4 cxd4 4. Nxd4 Nf6 5. Nc3 Nc6 6. Bg5 e6 7. Qd2 Be7
8. O-O-O O-O 9. Nb3 a6 10. Bxf6 gxf6 11. Qh6 Kh8 12. Qh5 Qe8 13. f4 Rg8 14.
g4 b5 15. Bd3 Rg7 16. h4 b4 17. Ne2 e5 18. f5 a5 19. Kb1 Bb7 20. Nbc1 a4
21. Qh6 Rxg4 22. Rhg1 Rxg1 23. Rxg1 Qf8 24. Qh5 Na5 25. Qg4 Rd8 26. c4 Bc6
27. b3 Nb7 28. Bc2 Nc5 29. Ng3 Qh6 30. Nh1 Re8 31. Nf2 Bd8 32. Ncd3 axb3
33. axb3 Nxd3 34. Nxd3 Bb6 35. Rg2 Bc5 36. Nxc5 dxc5 37. Rg1 1/2-1/2

[Event "Hoogovens B"]
[Site "Wijk aan Zee NED"]
[Date "1999.01.24"]
[Round "05"]
[White "Bosch,Je"]
[Black "Lputian,S"]
[Result "0-1"]
[WhiteElo "2470"]
[BlackElo "2614"]

1. e4 e6 2. d4 d5 3. e5 c5 4. c3 Nc6 5. Nf3 Qb6 6. a3 Nh6 7. b4 cxd4 8.
Bxh6 gxh6 9. cxd4 Bd7 10. Be2 Rc8 11. O-O Bg7 12. Qd2 O-O 13. Ra2 f6 14. b5
Na5 15. exf6 Rxf6 16. Ne5 Be8 17. Qe3 Rf5 18. Bg4 Rg5 19. Nc6 Ra8 20. Bxe6+
Kh8 21. Nb4 Bxb5 22. h4 Rg6 23. Bf5 Re8 24. Qf3 Bxf1 25. Kxf1 Rd6 26. g4
Nc6 27. Re2 Rf8 28. Nxd5 Qxb1+ 0-1

[Event "Hoogovens B"]
[Site "Wijk aan Zee NED"]
[Date "1999.01.24"]
[Round "05"]
[White "Janssen,R"]
[Black "Brodsky,M"]
[Result "1/2-1/2"]
[WhiteElo "2445"]
[BlackElo "2530"]

1. Nf3 Nf6 2. c4 b6 3. g3 c5 4. Bg2 Bb7 5. O-O e6 6. Nc3 a6 7. Re1 Be7 8.
e4 d6 9. d4 cxd4 10. Nxd4 Qc7 11. Be3 O-O 12. Rc1 Re8 13. g4 Bf8 14. g5
Nfd7 15. b3 Nc6 16. Ncb5 Qb8 17. Nxc6 Bxc6 18. Nd4 Bb7 19. b4 Qc7 20. Qe2
Rac8 21. Nb3 a5 22. a3 Ba6 23. b5 Bb7 24. a4 g6 25. f4 Bg7 26. Red1 Rcd8
27. Qd2 Nc5 28. Nxc5 dxc5 29. Qf2 Rxd1+ 30. Rxd1 Rd8 31. Rxd8+ Qxd8 32. Qd2
Qxd2 33. Bxd2 Bd4+ 34. Kf1 Kf8 35. e5 Bxg2+ 36. Kxg2 Ke7 37. h4 Kd7 38. Kf3
1/2-1/2

[Event "Hoogovens B"]
[Site "Wijk aan Zee NED"]
[Date "1999.01.25"]
[Round "06"]
[White "Leitao,R"]
[Black "Bauer,Ch"]
[Result "1/2-1/2"]
[WhiteElo "2545"]
[BlackElo "2528"]

1. d4 d5 2. c4 dxc4 3. e3 e5 4. Bxc4 exd4 5. exd4 Nf6 6. Nf3 Bd6 7. O-O O-O
8. h3 Nc6 9. Nc3 h6 10. Qc2 Na5 11. Bd3 Re8 12. Bd2 Nc6 13. a3 Be6 14. Rfe1
Qd7 15. Rxe6 fxe6 16. Re1 Ne7 17. Bc4 Ned5 18. Ba2 Rad8 19. Bb1 Qf7 20. Ne5
Bxe5 21. dxe5 Nxc3 22. bxc3 Rxd2 23. Qxd2 Nd7 24. Qd4 b6 25. Qd3 Nf8 26.
Re4 Qe7 27. a4 c5 28. Re3 Rd8 29. Qe4 Rd2 30. Rf3 Qd8 31. Kh2 Rd7 32. Bd3
Rf7 33. Rxf7 Kxf7 34. Bc4 Qc7 35. f4 Ke7 36. Bb5 Qc8 37. Qf3 Kf7 38. Qh5+
Kg8 39. Bc4 Qc7 40. Kg3 Qf7 41. Qxf7+ Kxf7 42. f5 Ke7 43. Kf4 exf5 44. Kxf5
Kd7 45. h4 Ke7 46. g3 Kd7 47. Ke4 Ng6 48. h5 Ne7 49. g4 Kc6 50. Bb5+ Kc7
51. c4 Kd8 52. e6 Kc8 53. Ke5 Kc7 54. Be8 a6 55. Bd7 Ng8 56. g5 hxg5 57.
Kf5 g4 58. Kxg4 Kd6 59. Bc8 Ne7 60. Bxa6 Kxe6 61. Kf4 1/2-1/2

[Event "Hoogovens B"]
[Site "Wijk aan Zee NED"]
[Date "1999.01.25"]
[Round "06"]
[White "Ionov,S"]
[Black "Nijboer,F"]
[Result "1/2-1/2"]
[WhiteElo "2551"]
[BlackElo "2534"]

1. Nf3 Nf6 2. c4 g6 3. Nc3 d5 4. cxd5 Nxd5 5. Qa4+ Bd7 6. Qh4 Nxc3 7. dxc3
Nc6 8. e4 e5 9. Bg5 Be7 10. Bc4 h6 11. Bxe7 Qxe7 12. Qg3 O-O-O 13. Bd5 g5
14. O-O f6 15. Rfd1 Qg7 16. Nd2 Ne7 17. Bc4 Ng6 18. Qe3 Kb8 19. Nb3 Bc8 20.
Nc5 Qe7 21. b4 h5 22. a4 h4 23. a5 Nf4 24. Bf1 Rd6 25. Nd3 Rhd8 26. Nb2 Be6
27. f3 g4 28. Rxd6 Rxd6 29. fxg4 Bxg4 30. Nc4 Rd8 31. Ra2 Be6 32. Rd2 Rg8
33. Kh1 Qg7 34. b5 b6 35. axb6 axb6 36. Qf3 Qe7 37. Ne3 Rd8 38. Rxd8+ Qxd8
39. g3 hxg3 40. hxg3 Qh8+ 41. Kg1 Nh3+ 42. Bxh3 Qxh3 43. c4 Qh6 44. Qe2 Kc8
45. Qd3 Qg5 46. Kg2 Qh5 47. Nd5 Qh3+ 48. Kg1 Bxd5 49. cxd5 Kd7 50. Qc3 Kd8
51. Qf3 Ke7 52. Qc3 Kd8 53. Qf3 Qh6 54. Kg2 Qg6 55. Qd3 Ke7 56. Qc4 Kf8 57.
Kf2 Qh7 58. Kg2 Qd7 59. Kf3 Kg7 60. Qc6 Qf7 61. Kf2 Qe7 62. Kf3 Qf7 63. Kg2
Qe7 64. Kh3 Qf7 1/2-1/2

[Event "Hoogovens B"]
[Site "Wijk aan Zee NED"]
[Date "1999.01.25"]
[Round "06"]
[White "Van der Wiel,J"]
[Black "Bosch,Je"]
[Result "1/2-1/2"]
[WhiteElo "2529"]
[BlackElo "2470"]

1. e4 c5 2. Nf3 d6 3. d4 cxd4 4. Nxd4 Nf6 5. Nc3 a6 6. a4 e5 7. Nde2 Be7 8.
g3 b6 9. Bg2 Bb7 10. h3 Nbd7 11. g4 Nc5 12. Ng3 O-O 13. g5 Nfd7 14. h4 g6
15. Nd5 Re8 16. Be3 Ne6 17. Qd2 Bf8 18. O-O Bg7 19. c3 Ndc5 20. Ra3 a5 21.
Rfa1 Bc6 22. b4 Nd7 23. Bf1 Nf4 24. Bb5 Bb7 25. bxa5 bxa5 26. Nxf4 exf4 27.
Bxf4 Ne5 28. Kg2 d5 29. Bxe8 Nc4 30. Bxf7+ 1/2-1/2

[Event "Hoogovens B"]
[Site "Wijk aan Zee NED"]
[Date "1999.01.25"]
[Round "06"]
[White "Brodsky,M"]
[Black "Van den Doel,E"]
[Result "1-0"]
[WhiteElo "2530"]
[BlackElo "2547"]

1. e4 e5 2. Nf3 Nc6 3. Bb5 Nf6 4. O-O Nxe4 5. d4 Nd6 6. Bxc6 dxc6 7. dxe5
Nf5 8. Qxd8+ Kxd8 9. Nc3 Ke8 10. h3 Ne7 11. Ne4 Ng6 12. Re1 h6 13. Nd4 c5
14. Nb5 Kd7 15. f4 Kc6 16. a4 Be7 17. Be3 Bf5 18. Ng3 Bxc2 19. Rec1 Bxa4
20. Nd4+ Kd7 21. Rxa4 cxd4 22. Rxd4+ Kc8 23. Nf5 a5 24. Nxg7 a4 25. e6 a3
26. bxa3 Rxa3 27. Re4 f6 28. Nf5 Ra2 29. Rd4 Ba3 30. Re1 Re8 31. Ra4 Kb8
32. Ba7+ Kc8 33. Be3 Kb8 34. Ba7+ Kc8 35. Bd4 Kb8 36. Re3 Nxf4 37. Rexa3
Rxa3 38. Ba7+ Kc8 39. Rxa3 Rxe6 40. Be3 Nd5 41. Bxh6 b5 42. Rd3 c6 43. Nd4
1-0

[Event "Hoogovens B"]
[Site "Wijk aan Zee NED"]
[Date "1999.01.25"]
[Round "06"]
[White "De Vreugt,D"]
[Black "Glek,I"]
[Result "1-0"]
[WhiteElo "2378"]
[BlackElo "2566"]

1. e4 e6 2. d4 d5 3. Nc3 Nf6 4. Bg5 Bb4 5. e5 h6 6. Bd2 Bxc3 7. bxc3 Ne4 8.
Qg4 g6 9. Bc1 c5 10. Bd3 cxd4 11. Ne2 dxc3 12. Bxe4 dxe4 13. Nxc3 Qd4 14.
Bb2 Bd7 15. Rb1 Bc6 16. O-O Qc4 17. Qg3 Nd7 18. Ba3 Nc5 19. Nd1 Na4 20. Qf4
O-O-O 21. Ne3 Qa6 22. Qxf7 Rhe8 23. Bd6 Bd7 24. Rb4 b5 25. Rfb1 Nc3 26.
Rc4+ Kb7 27. Rxc3 Ka8 28. Rc7 Bc6 29. a4 b4 30. Bc5 Bb7 31. Rxb4 1-0

[Event "Hoogovens B"]
[Site "Wijk aan Zee NED"]
[Date "1999.01.26"]
[Round "07"]
[White "Bauer,Ch"]
[Black "De Vreugt,D"]
[Result "0-1"]
[WhiteElo "2528"]
[BlackElo "2378"]

1. e4 e5 2. Bc4 Nc6 3. Nf3 Nf6 4. d3 Bc5 5. c3 d6 6. Bb3 a6 7. Nbd2 O-O 8.
h3 Ba7 9. Nf1 Nh5 10. Ne3 Nf4 11. O-O Ne7 12. Kh2 c6 13. Ng1 Qd7 14. d4
exd4 15. cxd4 d5 16. e5 f6 17. exf6 Rxf6 18. Ng4 Rf8 19. Bc2 Neg6 20. Bxf4
Nxf4 21. g3 Ne6 22. Qd3 g6 23. Nf3 Qg7 24. Rad1 Nc7 25. Kg2 Nb5 26. Qe3
Bxg4 27. hxg4 Rae8 28. Qd3 Re4 29. Bb3 Rxg4 30. a4 Nxd4 31. Nh2 Rg5 32. Ba2
Ne6 33. Qd2 Rgf5 34. f4 Nc5 35. Rde1 Nxa4 36. Re2 Qd4 37. Qc2 Nc5 38. Ng4
Kg7 39. Rd1 Qb4 40. Rde1 Ne4 41. Rxe4 dxe4 42. Rxe4 Bd4 43. Re2 h5 44. Nh2
h4 45. Nf3 Bf6 46. Re4 Qd6 47. b4 hxg3 48. Bb1 a5 49. bxa5 Qc5 50. Rc4 Qxa5
51. Kxg3 Qc7 52. Rb4 b5 53. Kg2 Qd6 54. Re4 Ra8 0-1

[Event "Hoogovens B"]
[Site "Wijk aan Zee NED"]
[Date "1999.01.26"]
[Round "07"]
[White "Bosch,Je"]
[Black "Leitao,R"]
[Result "0-1"]
[WhiteElo "2470"]
[BlackElo "2545"]

1. e4 c5 2. Nf3 d6 3. d4 cxd4 4. Nxd4 Nf6 5. Nc3 a6 6. Be2 e5 7. Nb3 Be7 8.
O-O O-O 9. f4 b5 10. a4 b4 11. Nd5 Nxd5 12. Qxd5 Qb6+ 13. Kh1 Bb7 14. Qd3
Nd7 15. Bf3 Rac8 16. Bg4 Rcd8 17. Bxd7 Rxd7 18. fxe5 d5 19. Bf4 Rfd8 20.
exd5 Bxd5 21. Qg3 Qc6 22. Qf2 Qg6 23. Rac1 Rc8 24. Qg3 Be4 25. Qxg6 hxg6
26. Be3 Rxc2 27. Rxc2 Bxc2 28. Nd4 Bxa4 29. Ra1 Bb5 30. Nxb5 axb5 31. Kg1
Rd5 32. Ra8+ Kh7 33. Bf4 g5 34. Bg3 Bc5+ 35. Kf1 Bd4 36. e6 fxe6 37. b3 Bf6
38. Ke2 Rc5 39. Be1 Rc2+ 40. Kf1 Rb2 41. Rb8 Rxb3 42. Rxb5 Rb1 0-1